[Event "Hessen-ch Seniors op 10th"]
[Site "Bad Sooden-Allendorf"]
[Date "2014.04.29"]
[Round "4"]
[White "Wolf, Reinhard"]
[Black "Biller, Helmut"]
[Result "0-1"]
[WhiteElo "1941"]
[BlackElo "2081"]
[PlyCount "64"]
[EventDate "2014.04.26"]
[EventType "swiss"]
[EventRounds "9"]
[EventCountry "GER"]
[SourceTitle "EXT 2018"]
[Source "ChessBase"]
[SourceDate "2017.10.13"]
[SourceVersion "1"]
[SourceVersionDate "2017.10.13"]
[SourceQuality "1"]

1. e4 d6 2. d4 Nf6 3. Bd3 e5 4. c3 g6 5. Bg5 h6 6. Bh4 Bg7 7. Nf3 Nbd7 8. Nbd2 0-0 9. 0-0 c6 10. Nc4 Qc7 11. Qc2 b5 12. Ne3 Bb7 13. Bg3 Nh5 14. dxe5 dxe5 15. b4 Nf4 16. Rfd1 Nxd3 17. Rxd3 a6 18. a4 c5 19. Nd5 Bxd5 20. Rxd5 cxb4 21. Qd1 Nb6 22. Rxe5 Bxe5 23. Bxe5 Qb7 24. a5 Nc4 25. Bf6 Qxe4 26. cxb4 Qf4 27. Be7 Rfe8 28. g3 Qf5 29. Nh4 Qe5 30. Bc5 Rad8 31. Qf1 Nd2 32. Qc1 Nb3 0-1

[Event "Bayern-ch Seniors 24nd"]
[Site "Bergen"]
[Date "2012.06.19"]
[Round "4"]
[White "Wolf, Reinhard"]
[Black "Peiberg, Ehrhard"]
[Result "1/2-1/2"]
[WhiteElo "1767"]
[BlackElo "1648"]
[PlyCount "34"]
[EventDate "2012.06.16"]
[EventType "swiss"]
[EventRounds "9"]
[EventCountry "GER"]
[SourceTitle "EXT 2015"]
[Source "ChessBase"]
[SourceDate "2014.11.20"]
[SourceVersion "1"]
[SourceVersionDate "2014.11.20"]
[SourceQuality "1"]

1. e4 e6 2. d4 d5 3. Nd2 Nf6 4. e5 Nfd7 5. Bd3 c5 6. c3 Nc6 7. Ne2 cxd4 8. cxd4 f6 9. exf6 Nxf6 10. 0-0 Bd6 11. f4 0-0 12. Nf3 Qc7 13. Ne5 Bd7 14. Be3 Bxe5 15. fxe5 Ng4 16. Qd2 Nxe3 17. Qxe3 Nb4 1/2-1/2

[Event "Bayern-ch Seniors 24nd"]
[Site "Bergen"]
[Date "2012.06.18"]
[Round "3"]
[White "Aufmwasser, Guenter"]
[Black "Wolf, Reinhard"]
[Result "0-1"]
[WhiteElo "1466"]
[BlackElo "1767"]
[PlyCount "86"]
[EventDate "2012.06.16"]
[EventType "swiss"]
[EventRounds "9"]
[EventCountry "GER"]
[SourceTitle "EXT 2015"]
[Source "ChessBase"]
[SourceDate "2014.11.20"]
[SourceVersion "1"]
[SourceVersionDate "2014.11.20"]
[SourceQuality "1"]

1. f4 d5 2. Nf3 c5 3. e3 Nf6 4. b3 Nc6 5. Bb5 Bd7 6. Bb2 e6 7. 0-0 Bd6 8. a3 a6 9. Bxc6 Bxc6 10. Ne5 Qc7 11. Qe1 0-0-0 12. a4 Rhg8 13. Nxc6 Qxc6 14. Be5 Ng4 15. Bxd6 Qxd6 16. h3 Nf6 17. d3 g5 18. b4 gxf4 19. Rxf4 Qe5 20. Nd2 Nh5 21. d4 cxd4 22. Nf3 Qxe3+ 23. Qxe3 dxe3 24. Rxf7 Rg7 25. Rxg7 Nxg7 26. Nd4 e5 27. Ne2 Kd7 28. b5 Ra8 29. c4 d4 30. b6 Rf8 31. Rd1 Kc6 32. a5 Kc5 33. Kh2 Rf2 34. Ng3 Kxc4 35. Ne4 Rc2 36. Nd6+ Kc3 37. Nxb7 e2 38. Rb1 Rb2 39. Re1 d3 40. Nc5 d2 41. Ra1 Ra2 42. b7 Rxa1 43. b8Q e1Q 0-1

[Event "Bayern-ch Seniors 23rd"]
[Site "Bergen"]
[Date "2011.05.28"]
[Round "1"]
[White "Block, Bernhard"]
[Black "Wolf, Reinhard"]
[Result "1/2-1/2"]
[WhiteElo "1459"]
[BlackElo "1754"]
[PlyCount "53"]
[EventDate "2011.05.28"]
[EventType "swiss"]
[EventRounds "9"]
[EventCountry "GER"]
[SourceTitle "EXT 2012"]
[Source "ChessBase"]
[SourceDate "2011.11.24"]
[SourceVersion "1"]
[SourceVersionDate "2011.11.24"]
[SourceQuality "1"]

1. f4 d5 2. Nf3 c5 3. e3 Nc6 4. Bb5 Nf6 5. b3 Bg4 6. Bb2 e6 7. 0-0 Be7 8. d3 0-0 9. Nbd2 Qb6 10. Bxc6 bxc6 11. Qe1 Bxf3 12. Nxf3 Nd7 13. Ne5 Nxe5 14. fxe5 Bg5 15. Qg3 Bh6 16. Rf3 d4 17. exd4 cxd4 18. Raf1 Qc5 19. Bc1 Bxc1 20. Rxc1 Qa3 21. Rcf1 Qxa2 22. Qf2 h6 23. Rxf7 Rxf7 24. Qxf7+ Kh8 25. Qb7 Rg8 26. Qxc6 Qa5 27. h3 1/2-1/2

[Event "Bayern-ch Seniors 22nd"]
[Site "Bergen"]
[Date "2010.06.20"]
[Round "9"]
[White "Wolf, Reinhard"]
[Black "Striefler, Erich"]
[Result "1/2-1/2"]
[WhiteElo "1773"]
[BlackElo "1900"]
[PlyCount "22"]
[EventDate "2010.06.12"]
[EventType "swiss"]
[EventRounds "9"]
[EventCountry "GER"]
[SourceTitle "EXT 2011"]
[Source "ChessBase"]
[SourceDate "2010.11.26"]
[SourceVersion "1"]
[SourceVersionDate "2010.11.26"]
[SourceQuality "1"]

1. d4 d5 2. c4 c6 3. Nf3 Nf6 4. Nc3 e6 5. e3 Nbd7 6. Bd3 a6 7. 0-0 dxc4 8. Bxc4 b5 9. Bd3 c5 10. Bd2 Bb7 11. dxc5 Nxc5 1/2-1/2

[Event "Bayern-ch Seniors 21st"]
[Site "Bergen"]
[Date "2009.06.28"]
[Round "9"]
[White "Alefs, Heinz"]
[Black "Wolf, Reinhard"]
[Result "0-1"]
[WhiteElo "1677"]
[BlackElo "1826"]
[PlyCount "76"]
[EventDate "2009.06.20"]
[EventType "swiss"]
[EventRounds "9"]
[EventCountry "GER"]
[SourceTitle "EXT 2015"]
[Source "ChessBase"]
[SourceDate "2014.11.20"]
[SourceVersion "1"]
[SourceVersionDate "2014.11.20"]
[SourceQuality "1"]

1. d4 Nf6 2. Nf3 d5 3. e3 e6 4. Bd3 c5 5. c3 Nc6 6. Nbd2 cxd4 7. exd4 Bd6 8. 0-0 0-0 9. Re1 Re8 10. Ne5 Bxe5 11. dxe5 Nd7 12. f4 f5 13. Nf3 Nc5 14. Bc2 Bd7 15. Be3 Ne4 16. Qe2 Ne7 17. Ng5 Nxg5 18. fxg5 Ng6 19. Bd2 Bc6 20. Qf2 Rf8 21. h4 Qb6 22. Qxb6 axb6 23. h5 Ne7 24. Be3 b5 25. Bc5 Rfe8 26. Bd1 Bd7 27. g4 g6 28. hxg6 hxg6 29. Kf2 Nc6 30. gxf5 exf5 31. Bd6 Nd8 32. Bf3 Bc6 33. Rad1 Rxa2 34. Ba3 Ne6 35. Rg1 Ra8 36. Rxd5 R8xa3 37. Rd3 Rxb2+ 38. Ke3 f4# 0-1

[Event "Bayern-ch Seniors 21st"]
[Site "Bergen"]
[Date "2009.06.24"]
[Round "5"]
[White "Wolf, Reinhard"]
[Black "Straub, Peter"]
[Result "1/2-1/2"]
[WhiteElo "1826"]
[BlackElo "2019"]
[PlyCount "64"]
[EventDate "2009.06.20"]
[EventType "swiss"]
[EventRounds "9"]
[EventCountry "GER"]
[SourceTitle "EXT 2015"]
[Source "ChessBase"]
[SourceDate "2014.11.20"]
[SourceVersion "1"]
[SourceVersionDate "2014.11.20"]
[SourceQuality "1"]

1. e4 c5 2. Nf3 e6 3. d4 cxd4 4. Nxd4 a6 5. g3 Nf6 6. Bg2 Be7 7. 0-0 d6 8. c4 0-0 9. Nc3 Qc7 10. Qe2 Bd7 11. Be3 Nc6 12. Rac1 Rac8 13. f4 Rfe8 14. h3 Qb8 15. b3 Bf8 16. g4 Nxd4 17. Bxd4 Bc6 18. Qf2 Nd7 19. f5 e5 20. Be3 Nc5 21. Bxc5 dxc5 22. g5 Qc7 23. h4 f6 24. Rcd1 Red8 25. Qg3 Be7 26. Nd5 Bxd5 27. exd5 Rd6 28. Be4 Qd8 29. g6 h6 30. Qc3 a5 31. a4 Qb6 32. Qc2 Rcd8 1/2-1/2

[Event "Chiemgau Seniors Cup 3th"]
[Site "Bergen"]
[Date "2007.10.28"]
[Round "7"]
[White "Janzen, Christian"]
[Black "Wolf, Reinhard"]
[Result "0-1"]
[WhiteElo "1604"]
[BlackElo "1725"]
[PlyCount "118"]
[EventDate "2007.10.22"]
[EventType "swiss"]
[EventRounds "9"]
[EventCountry "GER"]
[SourceTitle "EXT 2008"]
[Source "ChessBase"]
[SourceDate "2007.11.25"]
[SourceVersion "1"]
[SourceVersionDate "2007.11.25"]
[SourceQuality "1"]

1. e4 c5 2. Nc3 Nc6 3. g3 e6 4. Bg2 Nf6 5. d3 Be7 6. Nf3 d5 7. 0-0 0-0 8. Qe2 d4 9. Nd1 e5 10. h3 Be6 11. Ng5 Bd7 12. f4 Ne8 13. Nf3 f6 14. f5 b5 15. Bd2 Nd6 16. Nf2 Be8 17. Nh2 Bf7 18. Rfc1 c4 19. Be1 a5 20. a3 Qb6 21. Nf1 b4 22. axb4 axb4 23. Qd1 Nb5 24. Rxa8 Rxa8 25. Ra1 Ra5 26. Bf3 c3 27. b3 Qa7 28. Rxa5 Qxa5 29. Qb1 Qa3 30. Nd1 Qa7 31. g4 Qc7 32. Nf2 Na5 33. Bd1 Na3 34. Qc1 Nxb3 35. cxb3 c2 36. Bxc2 Qxc2 37. Qxc2 Nxc2 38. Bd2 Bxb3 39. Nd1 Ne1 40. Nb2 Nf3+ 41. Kf2 Nxd2 42. Nxd2 Bf7 43. Ke1 g6 44. Kd1 gxf5 45. exf5 h5 46. Kc1 Kg7 47. Nd1 hxg4 48. hxg4 Kh6 49. Ne4 Bd5 50. Ndf2 Kg7 51. Kb2 Kf7 52. Nd2 Ke8 53. Nfe4 Kd7 54. Nf2 Kc6 55. Nd1 Kb5 56. Kb1 Bf8 57. Nb2 Bh6 58. Ne4 Bxe4 59. dxe4 b3 0-1

[Event "Chiemgau Seniors Cup 3th"]
[Site "Bergen"]
[Date "2007.10.24"]
[Round "3"]
[White "Wolf, Reinhard"]
[Black "Sandner, Josef"]
[Result "1/2-1/2"]
[WhiteElo "1725"]
[BlackElo "1489"]
[PlyCount "36"]
[EventDate "2007.10.22"]
[EventType "swiss"]
[EventRounds "9"]
[EventCountry "GER"]
[SourceTitle "EXT 2008"]
[Source "ChessBase"]
[SourceDate "2007.11.25"]
[SourceVersion "1"]
[SourceVersionDate "2007.11.25"]
[SourceQuality "1"]

1. e4 c5 2. Nf3 d6 3. d4 cxd4 4. Nxd4 Nf6 5. Nc3 g6 6. Be2 Bg7 7. 0-0 0-0 8. Be3 Nc6 9. Qd2 a6 10. Nxc6 bxc6 11. Bh6 Qa5 12. Bxg7 Kxg7 13. Qe3 Bg4 14. f3 Be6 15. b3 d5 16. Na4 Nd7 17. Rad1 Rfe8 18. c3 f6 1/2-1/2

[Event "Chiemgau Seniors Cup 3th"]
[Site "Bergen"]
[Date "2007.10.23"]
[Round "2"]
[White "Jabbusch, Burkhard"]
[Black "Wolf, Reinhard"]
[Result "1-0"]
[WhiteElo "1870"]
[BlackElo "1725"]
[PlyCount "73"]
[EventDate "2007.10.22"]
[EventType "swiss"]
[EventRounds "9"]
[EventCountry "GER"]
[SourceTitle "EXT 2008"]
[Source "ChessBase"]
[SourceDate "2007.11.25"]
[SourceVersion "1"]
[SourceVersionDate "2007.11.25"]
[SourceQuality "1"]

1. e4 c5 2. f4 e6 3. Nf3 Nc6 4. c3 d5 5. e5 Nge7 6. Be2 Nf5 7. 0-0 Qb6 8. d3 Be7 9. Kh1 Bd7 10. b3 0-0 11. g4 Nh6 12. Rg1 Kh8 13. Qf1 Ng8 14. g5 f5 15. gxf6 gxf6 16. Qg2 Rf7 17. Nh4 Nh6 18. Qh3 Rg8 19. Rxg8+ Kxg8 20. Nf3 Nf5 21. Nbd2 Rg7 22. Bb2 Qc7 23. c4 d4 24. exf6 Bxf6 25. Ne4 Be7 26. Bc1 b6 27. Bd2 e5 28. Qh5 exf4 29. Rg1 Ne3 30. Rxg7+ Kxg7 31. Nfg5 Bf5 32. Qf7+ Kh6 33. Qh5+ Kg7 34. Bxe3 fxe3 35. Qf7+ Kh6 36. Qxf5 Qe5 37. Qxh7# 1-0

[Event "Bayern-ch Seniors 18th"]
[Site "Schloss Schney"]
[Date "2006.07.01"]
[Round "7"]
[White "Ludwig, Ines"]
[Black "Wolf, Reinhard"]
[Result "0-1"]
[WhiteElo "1510"]
[BlackElo "1698"]
[PlyCount "58"]
[EventDate "2006.06.25"]
[EventType "swiss"]
[EventRounds "9"]
[EventCountry "GER"]
[SourceTitle "EXT 2007"]
[Source "ChessBase"]
[SourceDate "2006.11.23"]
[SourceVersion "1"]
[SourceVersionDate "2006.11.23"]
[SourceQuality "1"]

1. d4 Nf6 2. e3 d5 3. Bd3 e6 4. Nd2 c5 5. c3 cxd4 6. cxd4 Nc6 7. f4 Be7 8. Ngf3 0-0 9. 0-0 Nb4 10. Bb1 Ng4 11. Nb3 f5 12. a3 Nc6 13. Ne5 Nf6 14. Bd2 Bd7 15. Bd3 Ne4 16. Be1 Nxe5 17. dxe5 Ba4 18. Bc2 Bxb3 19. Bxb3 Qb6 20. Rf3 Bc5 21. Bf2 Rfd8 22. Qc2 Rac8 23. Rc1 Nxf2 24. Kxf2 Bxe3+ 25. Rxe3 Rxc2+ 26. Rxc2 Qd4 27. g3 g5 28. Kf3 Rd7 29. Ba4 Qxa4 0-1

[Event "Main Vogelsberg Seniors-ch 1st"]
[Site "Grossauheim"]
[Date "2006.04.06"]
[Round "5"]
[White "Plietz, Burckhard"]
[Black "Wolf, Reinhard"]
[Result "0-1"]
[WhiteElo "1296"]
[BlackElo "1718"]
[PlyCount "92"]
[EventDate "2006.03.02"]
[EventType "swiss"]
[EventRounds "7"]
[EventCountry "GER"]
[SourceTitle "EXT 2007"]
[Source "ChessBase"]
[SourceDate "2006.11.23"]
[SourceVersion "1"]
[SourceVersionDate "2006.11.23"]
[SourceQuality "1"]

1. f4 d5 2. Nf3 c5 3. e3 Nc6 4. Be2 Nf6 5. 0-0 Bg4 6. Ne5 Bxe2 7. Qxe2 e6 8. d3 Qc7 9. Nxc6 Qxc6 10. b3 Be7 11. Bb2 0-0 12. Nd2 b5 13. Nf3 Nd7 14. Kh1 c4 15. dxc4 bxc4 16. Bd4 Rfc8 17. g4 Bf6 18. g5 Bxd4 19. exd4 Qd6 20. Ne5 Nxe5 21. fxe5 Qe7 22. Rg1 Qb4 23. Raf1 cxb3 24. cxb3 Qxd4 25. Rg4 Qc3 26. Rgf4 Rc7 27. R4f3 Qc6 28. Qf2 Rf8 29. Kg1 Qc2 30. b4 Qg6 31. h4 Rc2 32. Qxa7 Qe4 33. Qe3 Qxh4 34. R1f2 Rxf2 35. Rxf2 Qxb4 36. Rh2 Qb1+ 37. Kf2 Qxa2+ 38. Kg3 Qb1 39. Qf4 Qd3+ 40. Qf3 Qxf3+ 41. Kxf3 f6 42. gxf6 gxf6 43. Kf4 Rf7 44. exf6 Rxf6+ 45. Ke5 Rg6 46. Kd6 Kg7 0-1